| 000 | 00699nam a22001457a 4500 | ||
|---|---|---|---|
| 008 | 110721s2000 ua|||||r|||| 00| 0 ara d | ||
| 082 |
_222 _a210.14 _bإ س ل |
||
| 245 |
_aموسوعة المفاهيم الإسلامية العامة : _bالإصدار الأول / _cإشراف محمود حمدي زقزوق |
||
| 260 |
_aالقاهرة : _bالمجلس الأعلى للشئون الإسلامية، 2000 _c2000 |
||
| 300 |
_a599 ص ؛ _c28 سم |
||
| 650 |
_926394 _aالإسلام _vمصطلحات |
||
| 653 |
_bGeneral _cJuly2011 |
||
| 942 |
_2ddc _cBB |
||
| 999 |
_c15723 _d15723 |
||